[Event "ch-UKR"]
[Site "Alushta UKR"]
[Date "2010.05.11"]
[Round "9"]
[White "Barantseva,A"]
[Black "Vdovichenko,V"]
[Result "0-1"]
[WhiteElo "1855"]
[BlackElo "2220"]

1.c4 e6 2.Nf3 d5 3.d4 Nf6 4.g3 Bb4+ 5.Bd2 Be7 6.Bg2 O-O 7.O-O c6 8.b3 Ne4
9.Nc3 Nxd2 10.Qxd2 f5 11.Ne5 Nd7 12.Nxd7 Bxd7 13.f3 Qa5 14.a3 dxc4 15.bxc4 c5
16.e3 cxd4 17.exd4 Rad8 18.Qe3 Bf6 19.f4 Bc6 20.Ne2 Bxg2 21.Kxg2 Qa6 22.Rac1 Rf7
23.Rfd1 Rfd7 24.c5 Qc6+ 25.Kf2 h6 26.Rc4 g5 27.Rb4 g4 28.Qb3 h5 29.Qc2 h4
30.Qc3 Rh7 31.Ke1 hxg3 32.hxg3 Rh2 33.Qe3 Rd7 34.Kd2 Bd8 35.Kd3 Qa6+ 36.Rc4 Kf7
37.Ra1 b5 38.cxb6 axb6 39.Rc1 Qxa3+ 40.R1c3 Qa2 41.Rc2 Qb1 42.Rc6 Qb5+ 43.R2c4 Qb3+
44.Rc3 Qd5 45.R3c4 Qf3 46.Kd2 Qxe3+ 47.Kxe3 Rh1 48.Rb4 Rf1 49.Kd2 Rf3 50.Rc3 Ra7
51.Rbb3 Ra2+ 52.Ke1 Ra1+ 53.Kd2 Ra2+ 54.Ke1 Rxc3 55.Nxc3 Ra1+ 56.Ke2 Bf6
57.Kd3 Rf1 58.Ne2 Rf3+ 59.Kc4 Bd8 60.Nc1 Ke7 61.Na2 Rxb3 62.Kxb3 b5 63.Nb4 Kd6
64.Nc2 Ba5 65.Nb4 Bxb4 66.Kxb4 Kc6 67.Ka5 Kd5 68.Kxb5 Kxd4 69.Kc6 e5  0-1

[Event "I Tancat w"]
[Site "Sabadell ESP"]
[Date "2010.05.14"]
[Round "1"]
[White "Pares Vives,N"]
[Black "Martinez Hernandez,N"]
[Result "1-0"]
[WhiteElo "2259"]
[BlackElo "1939"]

1.c4 e6 2.Nf3 d5 3.g3 f5 4.Bg2 Nf6 5.O-O c6 6.b3 Be7 7.Bb2 O-O 8.Qc2 Na6
9.a3 Nc7 10.d3 Bd7 11.Nbd2 Rc8 12.e4 c5 13.Ne5 b6 14.f4 d4 15.b4 Bd6 16.Nxd7 Nxd7
17.e5 Be7 18.Nb3 g5 19.Kh1 g4 20.bxc5 bxc5 21.Na5 Qe8 22.Bc1 h5 23.Nc6 h4
24.Kg1 a6 25.Rb1 Nb8 26.Na7 Rd8 27.Rb7 Na8 28.Bd2 Rd7 29.Rfb1 Rxb7 30.Rxb7 Rf7
31.Qb3 Nd7 32.Bc6 Bd8 33.Rxd7 Rxd7 34.Qb8 Nc7 35.Qc8  1-0

[Event "VIII World's Youth Stars"]
[Site "Kirishi RUS"]
[Date "2010.05.19"]
[Round "10"]
[White "Belous,V"]
[Black "Oparin,G"]
[Result "1-0"]
[WhiteElo "2471"]
[BlackElo "2348"]

1.c4 e6 2.Nf3 d5 3.e3 Nf6 4.b3 b6 5.Bb2 Bb7 6.Be2 Be7 7.d3 O-O 8.Nbd2 c5
9.Qc2 Nc6 10.a3 Qc7 11.Rg1 e5 12.cxd5 Nxd5 13.g4 Rad8 14.g5 Rfe8 15.h4 Bf8
16.Ne4 Qd7 17.h5 a5 18.g6 h6 19.gxf7+ Qxf7 20.Rg6 Nde7 21.Nd6 Rxd6 22.Rxd6 Nd4
23.Nxd4 exd4 24.e4 Nc6 25.Rg6 a4 26.Qc4 axb3 27.Qxf7+ Kxf7 28.Kd2 c4 29.dxc4 Rxe4
30.Rag1 Rf4 31.R1g3 Ne5 32.Rxb6 Bf3 33.Rxb3 Bxe2 34.Kxe2 Bc5 35.Kf1 Nxc4
36.Bc1 Rf5 37.Rb7+ Ke6 38.Rbxg7 d3 39.Rxd3 Rxf2+ 40.Ke1 Ne5 41.Rdg3 Rh2 42.Kd1 Rxh5
43.Kc2 Rh2+ 44.Kb3 Kd5 45.Bf4 Bd4 46.Bxe5 Rb2+ 47.Ka4 Bxe5 48.Rd7+ Kc6 49.Rgd3 Bf4
50.R7d4 Rf2 51.Rc4+ Kb6 52.Rb3+ Ka7 53.Kb5 Bg5 54.Rc7+ Ka8 55.Rc6 Ka7 56.Rc7+ Ka8
57.Rd7 Rf6 58.a4 Bf4 59.a5 h5 60.Rc3 Bb8 61.a6 h4 62.Rc8 Rf5+ 63.Kc4 Rf4+
64.Kd3 Rf3+ 65.Ke2  1-0

[Event "2nd SCS Open"]
[Site "Bhubaneswar IND"]
[Date "2010.05.27"]
[Round "8"]
[White "Hossain,Enam"]
[Black "Tirto"]
[Result "1-0"]
[WhiteElo "2499"]
[BlackElo "2358"]

1.c4 e6 2.Nf3 d5 3.g3 d4 4.Bg2 Nc6 5.O-O Nf6 6.d3 Be7 7.Na3 e5 8.Nc2 a5 9.b3 Bf5
10.Bg5 O-O 11.a3 h6 12.Bxf6 Bxf6 13.Nd2 Be7 14.Rb1 Qd7 15.Re1 Bh3 16.Bh1 h5
17.b4 h4 18.Nf3 hxg3 19.hxg3 Bf6 20.bxa5 Nxa5 21.Rb5 c6 22.Rb1 g6 23.e3 dxe3
24.Rxe3 Rae8 25.Qe1 Qc7 26.c5 Kg7 27.Rb6 Ra8 28.Nxe5 Rh8 29.Bf3 Qd8 30.Rb4 Qf8
31.Qc3 Kg8 32.Rf4 Qg7 33.Ra4 Bc8 34.d4 Bd8 35.Nc4 Be6 36.Nb6 Bxb6 37.cxb6 Qh6
38.Rxa5 Qh2+ 39.Kf1 Bc4+ 40.Qxc4 Rxa5 41.d5 Rb5 42.dxc6 Rb1+ 43.Ke2 Qg1 44.Re8+ Kg7
45.Qd4+  1-0

[Event "1st Open"]
[Site "Di Roseto ITA"]
[Date "2010.06.07"]
[Round "4"]
[White "Rotstein,A"]
[Black "Sveshnikov,E"]
[Result "1/2-1/2"]
[WhiteElo "2538"]
[BlackElo "2493"]

1.c4 e6 2.Nf3 d5 3.g3 dxc4 4.Qa4+ Bd7 5.Qxc4 c5 6.Ne5 Nc6 7.Nxd7 Qxd7 8.Bg2 Rc8
9.b3 Nf6 10.Bb2 Be7 11.d3 O-O 12.Nd2 Rfd8 13.O-O Nd4 14.Rfe1 b5 15.Qc1 Nd5  1/2-1/2

[Event "Open"]
[Site "Teplice CZE"]
[Date "2010.06.12"]
[Round "1"]
[White "Plischki,S"]
[Black "Pospisil,M"]
[Result "1/2-1/2"]
[WhiteElo "2381"]
[BlackElo "1925"]

1.c4 e6 2.Nf3 d5 3.d4 Nf6 4.g3 dxc4 5.Bg2 Be7 6.O-O O-O 7.Qc2 a6 8.a4 Nbd7
9.Nbd2 c5 10.Nxc4 Nd5 11.Rd1 cxd4 12.Nxd4 N7f6 13.Bd2 Bd7 14.e4 Nb4 15.Qb3 a5
16.Ne5 Rc8 17.Bg5 Qe8 18.Bxf6 Bxf6 19.Ndf3 Bc6 20.Nxc6 Nxc6 21.Bf1 Qe7 22.Bb5 g6
23.Kg2 Rfd8 24.Bxc6 bxc6 25.e5 Bg7 26.Qc3 Qc7 27.Rxd8+ Qxd8 28.Re1 Qd5 29.Re2 Bf8
30.Rc2 Rb8 31.Qxc6 Qxc6 32.Rxc6 Rxb2 33.Ng5 h6 34.Ne4 Rb4 35.Nf6+ Kg7 36.Ne8+ Kg8
37.Nf6+ Kg7 38.Ne8+ Kg8 39.Nf6+  1/2-1/2

[Event "14th FIDE Open"]
[Site "Voronezh RUS"]
[Date "2010.06.14"]
[Round "3"]
[White "Didy,Kaplan"]
[Black "Ponomariov,T"]
[Result "0-1"]
[WhiteElo "2028"]
[BlackElo "2268"]

1.c4 e6 2.Nf3 d5 3.d4 c5 4.e3 Nc6 5.Nc3 Nf6 6.Bd3 cxd4 7.exd4 dxc4 8.Bxc4 Be7
9.O-O O-O 10.Bf4 a6 11.a3 b5 12.Ba2 b4 13.axb4 Nxb4 14.Bb3 Bb7 15.Ne5 Rc8
16.Re1 Qb6 17.Qd2 Rcd8 18.Rad1 Nbd5 19.Bxd5 Nxd5 20.Bg3 Bb4 21.Nd3 Nxc3 22.bxc3 Qc6
23.f3 Bxc3 24.Ne5 Qc8 25.Qf4 Bxe1 26.Bxe1 f6 27.Ng4 e5 28.Qg3 Rxd4 29.Rb1 Kh8
30.h4 Rfd8 31.Nf2 Bd5 32.h5 Qf5 33.h6 gxh6 34.Rb6 Rg8 35.Ng4 Rdxg4 36.fxg4 Rxg4
37.Rxf6 Qg5 38.Rf8+ Kg7 39.Qa3 Rxg2+ 40.Kf1 Bc4+  0-1

[Event "70th ch-ITA S/F"]
[Site "Torino ITA"]
[Date "2010.06.23"]
[Round "4"]
[White "Cocchi,A"]
[Black "Di Paolo,R"]
[Result "1/2-1/2"]
[WhiteElo "2244"]
[BlackElo "2343"]

1.Nf3 e6 2.c4 d5 3.d4 Nf6 4.Nc3 Be7 5.cxd5 exd5 6.Bg5 c6 7.e3 Bf5 8.Bd3 Bxd3
9.Qxd3 O-O 10.Bxf6 Bxf6 11.b4 a6 12.O-O Nd7 13.a4 Nb6 14.Nd2 Be7 15.Rab1 Bd6
16.a5 Nd7 17.e4 dxe4 18.Ndxe4 Nf6 19.Rfd1 Re8 20.g3 Nxe4 21.Nxe4 Bf8 22.d5 cxd5
23.Nc3 d4 24.Qxd4 Re1+ 25.Kg2 Qxd4 26.Rxd4 Rxb1 27.Nxb1 Rc8 28.Nd2 g6 29.Ne4 Rc6
30.g4 h6 31.h4 Be7 32.Rd7 Bxb4 33.Rxb7 Bxa5 34.Ra7 Bb4 35.g5 hxg5 36.hxg5 Kg7
37.f4 Ba3 38.Nf6 Bb2 39.Ne4 Rb6 40.Rd7 Ba3 41.Nf6 a5 42.Rd8 Bf8 43.Ne8+  1/2-1/2

[Event "TCh-SUI 2010"]
[Site "Switzerland SUI"]
[Date "2010.06.27"]
[Round "5.4"]
[White "Nideroest,B"]
[Black "Kaenel,H"]
[Result "1-0"]
[WhiteElo "2234"]
[BlackElo "2332"]

1.c4 e6 2.Nf3 d5 3.d4 c6 4.Nc3 f5 5.Bf4 Nf6 6.e3 Bd6 7.Bd3 O-O 8.O-O Ne4
9.Qc2 Qe7 10.c5 Bxf4 11.exf4 Nd7 12.Ne2 Kh8 13.b4 a6 14.a4 Nb8 15.b5 axb5
16.axb5 Rxa1 17.Rxa1 cxb5 18.Bxb5 Qc7 19.Ne5 Nf6 20.Nc1 Nfd7 21.Ncd3 Nc6
22.Bxc6 bxc6 23.Ra8 Kg8 24.Qb2 Nxe5 25.Nxe5 Bb7 26.Rxf8+ Kxf8 27.Qb6 Qc8
28.f3 Ke7 29.Kf2 Ke8 30.Ke3 Ke7 31.g4 Ke8 32.h3 Ke7 33.Qa5 Ke8 34.Qb6 Ke7
35.h4 Ke8 36.h5 Kf8 37.Kf2 Ke8 38.Kg3 Kf8 39.Kh4 Kg8 40.g5 Kf8 41.Kg3 Ke7
42.g6 hxg6 43.hxg6 Ba8 44.Qb1 Kd8 45.Nf7+ Ke7 46.Qh1 Kd7 47.Qe1 Qb8 48.Nd6 Qh8
49.Qe5 Qh6 50.Nf7 Qxg6+ 51.Ng5 Bb7 52.Qd6+ Kc8 53.Qxe6+ Qxe6 54.Nxe6 g6 55.Nf8 Kd8
56.Nxg6 Ba6 57.Kh4 Kd7 58.Ne5+ Kc7 59.Kg5 Bc8 60.Kf6 Kb7 61.Kf7 Kc7 62.Ke7 Ba6
63.Ke6 Bc8+ 64.Kf6 Kb7 65.Nf7 Kc7 66.Nd6  1-0

[Event "ZDMI Open"]
[Site "Dresden GER"]
[Date "2010.07.10"]
[Round "1"]
[White "Stabolewski,A"]
[Black "Muehlbacher,M"]
[Result "1-0"]
[WhiteElo "2267"]
[BlackElo "1803"]

1.Nf3 e6 2.c4 d5 3.d4 Nf6 4.Nc3 Nbd7 5.Bg5 Be7 6.e3 O-O 7.Rc1 a6 8.cxd5 exd5
9.Bd3 Re8 10.O-O c6 11.Bf4 Nh5 12.Nxd5 Nxf4 13.Nxf4 Nf8 14.Ne5 Be6 15.Nxe6 fxe6
16.Qb3 Bf6 17.Ng4 Rb8 18.Nxf6+ Qxf6 19.Rc4 Qd8 20.Rfc1 Qc7 21.g3 Kh8 22.Qc2 Rbd8
23.Be4 Qf7 24.Bg2 Nd7 25.Rb4 Nf6 26.Qb3 Rd7 27.Ra4 Nd5 28.Rc5 Rf8 29.f4 Qg6
30.e4 Nxf4 31.gxf4 Rxf4 32.Rxc6 h5 33.Qxe6 Qxe4  1-0

[Event "2nd Open"]
[Site "Rethymno GRE"]
[Date "2010.07.15"]
[Round "4"]
[White "Pandelias,E"]
[Black "Bensdorp,M"]
[Result "0-1"]
[WhiteElo "2089"]
[BlackElo "2301"]

1.c4 e6 2.Nf3 d5 3.d4 c6 4.Nc3 dxc4 5.a4 Bb4 6.e4 b5 7.Bg5 Ne7 8.Be2 Bb7
9.O-O a6 10.e5 Bxc3 11.bxc3 O-O 12.Nd2 h6 13.Bh4 Qc7 14.Ne4 Nd5 15.Qd2 Nd7
16.Bg3 N7b6 17.axb5 cxb5 18.f4 Ne7 19.Nd6 Bd5 20.Bg4 Qc6 21.Rf2 Nbc8 22.f5 exf5
23.Bxf5 Nxf5 24.Nxf5 Qg6 25.Raf1 a5 26.Bh4 Ra6 27.Rf4 a4 28.h3 h5 29.Qf2 a3
30.Ne3 Be4 31.d5 Bb1 32.e6 f6 33.Nf5 Bxf5 34.Rxf5 a2 35.Qb2 a1=Q  0-1

[Event "I Open"]
[Site "Girona ESP"]
[Date "2010.07.17"]
[Round "5"]
[White "Martin Fernandez,S"]
[Black "Alsina Franco,S"]
[Result "0-1"]
[WhiteElo "1918"]
[BlackElo "2008"]

1.c4 e6 2.Nf3 d5 3.b3 Nf6 4.Bb2 Be7 5.e3 Nbd7 6.Qc2 c6 7.Be2 Qc7 8.Nc3 Nb6
9.Rc1 a6 10.d4 Bb4 11.O-O Be7 12.e4 dxe4 13.Nxe4 O-O 14.d5 Nxe4 15.Qxe4 exd5
16.cxd5 f5 17.Qd3 Rd8 18.Rfd1 Rxd5 19.Qc2 Rxd1+ 20.Rxd1 Bd6 21.Qc3 Nd5 22.Qd4 Be6
23.Ng5 Re8 24.Bc4 Bf8 25.Re1 Qd7 26.Nxe6 Rxe6 27.Bxd5 cxd5 28.Rd1 Kh8 29.g3 Re4
30.Qxd5 Re1+ 31.Kg2 Rxd1  0-1

[Event "33rd Taminco Open"]
[Site "Ghent BEL"]
[Date "2010.07.19"]
[Round "5"]
[White "Shchekachev,A"]
[Black "McMichael,R"]
[Result "1-0"]
[WhiteElo "2546"]
[BlackElo "2287"]

1.Nf3 e6 2.c4 d5 3.d4 c6 4.Qc2 f5 5.Bf4 Nf6 6.e3 Bd6 7.Bd3 O-O 8.O-O Nh5
9.Bxd6 Qxd6 10.Nbd2 Bd7 11.Rac1 Na6 12.c5 Qc7 13.Bxa6 bxa6 14.Qa4 f4 15.Qxa6 Rab8
16.Qa3 Be8 17.Ne5 Nf6 18.exf4 Nd7 19.Nxd7 Bxd7 20.g3 g5 21.Nf3 gxf4 22.Ne5 Be8
23.Rc3 Bg6 24.Rb3 Bf5 25.Qa6 Rxb3 26.axb3 Qg7 27.Qxc6 Qh6 28.g4 f3 29.Kh1 Be4
30.Qd6 Bc2 31.c6  1-0

[Event "XIV Battle Of Senta"]
[Site "Senta SRB"]
[Date "2010.07.20"]
[Round "5"]
[White "Srebrnic,V"]
[Black "Savic,Draga"]
[Result "0-1"]
[WhiteElo "2201"]
[BlackElo "2182"]

1.Nf3 e6 2.c4 d5 3.d4 Nf6 4.g3 Nbd7 5.Bg2 c6 6.Qc2 Bd6 7.Bf4 Bxf4 8.gxf4 Qa5+
9.Nbd2 b6 10.O-O Ba6 11.a3 dxc4 12.Nxc4 Qh5 13.Qa4 Bxc4 14.Qxc4 Rc8 15.Rac1 O-O
16.b4 c5 17.Qa6 Rc7 18.Rc2 Qf5 19.Rfc1 Qxf4 20.e3 Qf5 21.bxc5 bxc5 22.Qa5 Rfc8
23.Nd2 h5 24.Nb3 Ne4 25.Bxe4 Qxe4 26.Nxc5 Qg4+ 27.Kf1 Qh3+ 28.Kg1 Nf6 29.Qa6 Ng4
30.Qd6 e5 31.Qd5 exd4 32.exd4 Nxh2 33.Qg2 Nf3+ 34.Kf1 Qxg2+ 35.Kxg2 Nxd4
36.Rd2 Ne6  0-1

[Event "Heini Olsen Memorial"]
[Site "Klaksvik FAI"]
[Date "2010.07.21"]
[Round "3"]
[White "Danielsen,Hen"]
[Black "Nielsen,Ro"]
[Result "1-0"]
[WhiteElo "2512"]
[BlackElo "2062"]

1.c4 e6 2.Nf3 d5 3.d4 Nf6 4.g3 Nbd7 5.Nbd2 c5 6.cxd5 exd5 7.Bg2 cxd4 8.Nb3 Bc5
9.Nxc5 Nxc5 10.Qxd4 Ne6 11.Qd1 O-O 12.O-O b6 13.b3 Bb7 14.Bb2 Rc8 15.Rc1 Ne4
16.Qd3 Qd6 17.Nh4 N6c5 18.Qe3 f6 19.f3 Ng5 20.Nf5 Qd7 21.Ne7+ Kh8 22.Nxc8 Rxc8
23.Bd4 Re8 24.Qd2 Qb5 25.Rc2 Nge6 26.e3 h6 27.Rfc1 Re7 28.h4 Qe8 29.Bh3 Ba6
30.Bxc5 Nxc5 31.b4 Rxe3 32.bxc5 Re2 33.Qd4 Rxc2 34.Rxc2  1-0

[Event "3rd Open"]
[Site "Paleochora GRE"]
[Date "2010.07.25"]
[Round "5"]
[White "Banikas,H"]
[Black "Nogly,C"]
[Result "1-0"]
[WhiteElo "2591"]
[BlackElo "2260"]

1.c4 e6 2.Nf3 d5 3.d4 Nf6 4.Nc3 Nbd7 5.Bg5 Bb4 6.cxd5 exd5 7.Qc2 O-O 8.e3 c5
9.Bd3 Qa5 10.O-O c4 11.Bf5 Re8 12.Nd2 g6 13.Bh3 Kg7 14.f3 h6 15.Bxf6+ Nxf6
16.Bxc8 Raxc8 17.Rfe1 Re6 18.Kh1 Rce8 19.Nf1 b5 20.a3 Bxc3 21.bxc3 Nd7 22.e4 dxe4
23.fxe4 Nf6 24.Ng3 Qd8 25.e5 Ng4 26.Nf1 Qh4 27.Kg1 h5 28.a4 a6 29.axb5 axb5
30.Rab1 b4 31.cxb4 Nxh2 32.Nxh2 Qxd4+ 33.Qf2 Qxf2+ 34.Kxf2 Rxe5 35.Rxe5 Rxe5
36.Nf3 Rb5 37.Nd4 Rb6 38.Ke3 f5 39.Kd2 Kf6 40.Kc3 g5 41.Kxc4 h4 42.b5 f4
43.Kc5 Rb8 44.b6 g4 45.b7 f3 46.gxf3 g3 47.Ne2 g2 48.Ng1 Kf5 49.Nh3  1-0

[Event "Tch-POR 1st Div Final"]
[Site "Vila Nova de Gaia POR"]
[Date "2010.07.26"]
[Round "3.1"]
[White "Vassallo Barroche,M"]
[Black "Hoffman,A"]
[Result "1-0"]
[WhiteElo "2432"]
[BlackElo "2445"]

1.c4 e6 2.Nf3 d5 3.g3 Nf6 4.Bg2 Be7 5.O-O O-O 6.d4 c5 7.cxd5 exd5 8.Nc3 Nc6
9.Bg5 cxd4 10.Nxd4 h6 11.Bf4 Bg4 12.h3 Bd7 13.Rc1 Rc8 14.Nxd5 Nxd5 15.Bxd5 Nxd4
16.Qxd4 Rxc1 17.Rxc1 Bxh3 18.Rc7 Be6 19.e4 Bf6 20.Qc4 b5 21.Qc6 Bxd5 22.exd5 Bxb2
23.d6 g5 24.Be3 Be5 25.Bc5 Kg7 26.Qd5 Qf6 27.Re7  1-0

[Event "ch-AUT"]
[Site "Vienna AUT"]
[Date "2010.07.28"]
[Round "5"]
[White "Baumegger,S"]
[Black "Froewis,G"]
[Result "1/2-1/2"]
[WhiteElo "2389"]
[BlackElo "2279"]

1.c4 e6 2.Nf3 d5 3.e3 Nf6 4.b3 c5 5.Bb2 Nc6 6.cxd5 exd5 7.Bb5 Bd7 8.O-O a6
9.Bxc6 Bxc6 10.d4 Bd6 11.dxc5 Bxc5 12.Nc3 O-O 13.Rc1 Bd6 14.Qd4 Re8 15.Rfd1 Qd7
16.Ne2 Rad8 17.Ng3 h6 18.Qh4 Ne4 19.Nd4 Nxg3 20.hxg3 Be5 21.Nxc6 Bxb2 22.Nxd8 Bxc1
23.Rxc1 Rxd8 24.Qd4 Qf5 25.g4 Qe6 26.a4 Rc8 27.Rd1 Rc2 28.Qxd5 Qxg4 29.Qd8+ Kh7
30.Qd3+ Qg6 31.Qxg6+ Kxg6 32.Rd7 b5 33.axb5 axb5 34.Rd5 b4 35.Rd4 Rb2 36.Rxb4 h5
37.f3 f5 38.Kh2 Re2 39.e4 fxe4 40.Rxe4 Rb2 41.b4 Kf5 42.Rc4 g5 43.Kh3 h4
44.Rc5+ Kf4 45.Rc4+ Kf5 46.g4+ Kf6 47.f4 Rb3+ 48.Kh2 gxf4 49.Rxf4+  1/2-1/2

[Event "GM"]
[Site "Szombathely HUN"]
[Date "2010.07.29"]
[Round "3"]
[White "Pap,G"]
[Black "Baldauf,Marc"]
[Result "1-0"]
[WhiteElo "2508"]
[BlackElo "2363"]

1.c4 e6 2.Nf3 d5 3.d4 Nf6 4.g3 dxc4 5.Bg2 a6 6.Ne5 c5 7.Na3 cxd4 8.Naxc4 Ra7
9.Bd2 b6 10.Qb3 Bb7 11.Bxb7 Rxb7 12.O-O Bc5 13.Bb4 Qe7 14.Bxc5 Qxc5 15.Qf3 Re7
16.b4 Qc7 17.Rac1 O-O 18.Qf4 d3 19.Nxd3 Qxf4 20.Nxf4 Rb7 21.Rfd1 g5 22.Ng2 Rc8
23.Nge3 Rbc7 24.Rb1 Rc6 25.b5 axb5 26.Rxb5 Nbd7 27.Rxg5+ Kf8 28.Rd4 Ra8 29.a3 Ra4
30.Rf4 Ke7 31.Kg2 Rc5 32.Nxb6 Rxa3 33.Rxc5 Nxc5 34.Nc8+  1-0

[Event "ch-CRC"]
[Site "San Jose CRC"]
[Date "2010.07.31"]
[Round "5"]
[White "Valdes,Le"]
[Black "Hernandez Alvarez,T"]
[Result "0-1"]
[WhiteElo "2429"]
[BlackElo "2215"]

1.Nf3 e6 2.c4 d5 3.g3 Nf6 4.b3 Be7 5.Bg2 c5 6.O-O Nc6 7.Bb2 d4 8.e3 e5 9.a3 O-O
10.exd4 exd4 11.b4 cxb4 12.axb4 Bxb4 13.d3 Bf5 14.Na3 Qd7 15.Nc2 Bc5 16.Qd2 h6
17.Rfb1 Rab8 18.Ba3 b6 19.Rb5 Qd6 20.Bxc5 bxc5 21.Ra6 Bd7 22.Nh4 Qc7 23.Na3 Rb6
24.Rbxb6 axb6 25.Nb5 Qb8 26.Nf5 Bxf5 27.Bxc6 Bc8 28.Ra8 Qe5 29.Ra1 Bh3 30.Re1 Qh5
31.Qf4 Qg6 32.Qd2 Bf5 33.Rd1 Ng4 34.Bg2 Ne5 35.Nc7 Nxd3 36.Nd5 Re8 37.Nc7 Re7
38.Nd5 Re5 39.f4 Re8 40.Nc7 Re7 41.Nd5 Re8 42.Nc7 Re3 43.Nd5 Qg4 44.Ra1 Re2
45.Qd1 Re1+ 46.Qxe1 Nxe1 47.Rxe1 d3 48.Nc3 Be6 49.Re3 Bxc4 50.Re8+ Kh7 51.Re4 b5
52.f5 Qg5 53.Rf4 Qf6 54.Ne4 Qd4+ 55.Rf2 Bd5  0-1

[Event "ch-AUT"]
[Site "Vienna AUT"]
[Date "2010.07.31"]
[Round "8"]
[White "Platzgummer,F"]
[Black "Brehovsky,P"]
[Result "1-0"]
[WhiteElo "2351"]
[BlackElo "2164"]

1.Nf3 e6 2.c4 d5 3.g3 Nf6 4.Bg2 c6 5.d4 Bd6 6.Qc2 Nbd7 7.O-O O-O 8.Nbd2 e5
9.cxd5 cxd5 10.dxe5 Nxe5 11.Nxe5 Bxe5 12.Nf3 Bd6 13.Rd1 Be6 14.Nd4 Qe7 15.Qd3 Rac8
16.b3 Rfd8 17.a3 a6 18.Bb2 Qd7 19.Nxe6 fxe6 20.e4 dxe4 21.Bxe4 Nxe4 22.Qxe4 Qf7
23.Rd2 Bc5 24.Re2 Rf8 25.Rf1 Rce8 26.b4 Bb6 27.Be5 Qf3 28.Bf4 Qxa3 29.Rd1 Qa4
30.Rd6 e5 31.Qd5+ Kh8 32.Bxe5 Bc7 33.Bxg7+ Kxg7 34.Rd7+ Kh8 35.Qd4+ Be5 36.Rxe5 Qxd7
37.Qxd7 Rxe5 38.Qd4  1-0

[Event "TCh-MNE Premier League"]
[Site "Cetinje MNE"]
[Date "2010.08.01"]
[Round "9"]
[White "Chatalbashev,B"]
[Black "Georgiev,Ki"]
[Result "1/2-1/2"]
[WhiteElo "2613"]
[BlackElo "2675"]

1.c4 e6 2.Nf3 d5 3.b3 Nf6 4.Bb2 Be7 5.g3 O-O 6.Bg2 b6 7.O-O Bb7 8.d3 Nbd7
9.Nbd2 c5 10.e3 Rc8 11.Qe2 Qc7 12.Rac1 Rfd8 13.Rfd1  1/2-1/2

[Event "Politiken Cup"]
[Site "Copenhagen DEN"]
[Date "2010.08.03"]
[Round "5"]
[White "Taylor,Gr"]
[Black "Halamus,A"]
[Result "0-1"]
[WhiteElo "2160"]
[BlackElo "1996"]

1.c4 e6 2.Nf3 d5 3.d4 Nf6 4.Nc3 Be7 5.Bg5 O-O 6.cxd5 exd5 7.Qc2 c6 8.e3 h6
9.Bxf6 Bxf6 10.Bd3 Re8 11.O-O Nd7 12.b4 Nf8 13.Na4 Bg4 14.Nd2 Qd6 15.Rab1 Rac8
16.Rfc1 Bh5 17.Qb3 b6 18.Nc3 Rcd8 19.Nf1 Bg6 20.Bxg6 Nxg6 21.Rd1 Ne7 22.Rbc1 Rc8
23.e4 dxe4 24.Nxe4 Qf4 25.Nxf6+ Qxf6 26.Ne3 Nf5 27.Nxf5 Qxf5 28.Re1 Re4 29.Rxe4 Qxe4
30.Qc3 Rd8 31.h3 Rxd4 32.Re1 Qd5 33.Re8+ Kh7 34.Qc2+ g6 35.Qe2 Rd1+ 36.Kh2 Qd6+
37.g3 Qd5 38.Qe4 Qxe4 39.Rxe4 Rd2 40.Kg2 Rxa2 41.Re7 Kg7 42.Rc7 Ra4  0-1

[Event "49th WJun"]
[Site "Chotowa POL"]
[Date "2010.08.13"]
[Round "10"]
[White "Casanova,F"]
[Black "Tran Ngoc Lan"]
[Result "1/2-1/2"]
[WhiteElo "2074"]
[BlackElo "2218"]

1.c4 e6 2.Nf3 d5 3.g3 dxc4 4.Qa4+ Bd7 5.Qxc4 Bc6 6.Bg2 Nf6 7.O-O Nbd7 8.d3 Bd6
9.a3 O-O 10.Qc2 Qe7 11.Nc3 Ne5 12.e4 Nxf3+ 13.Bxf3 e5 14.Bg2 Bc5 15.Nd1 Rad8
16.Ne3 Bxe3 17.Bxe3 Bb5 18.Bc5 Qd7 19.Rfd1 Qc6 20.Qc3 Rfe8 21.Bf1 b6 22.Be3 Qxc3
23.bxc3 Ba4 24.Rd2 Ng4 25.Bg2 Rd6 26.h3 Nxe3 27.fxe3 Red8 28.d4 Bb3 29.Rb1 Bc4
30.Bf3 b5 31.Be2 Rc6 32.Bxc4 Rxc4 33.Rd3 a6 34.Rb4 c5 35.Rxc4 bxc4 36.Rd2 cxd4
37.exd4 exd4 38.cxd4 c3 39.Rc2 Rxd4 40.Rxc3 Kf8 41.Re3 Ke7 42.Kf2 a5 43.Kf3 a4
44.Rc3 Rd1 45.Ke3 Ra1 46.Kd4 Kd6 47.Kc4 Ke5 48.Kb4 Kxe4 49.Kxa4 f5 50.Rc7 g5
51.Rxh7 f4 52.gxf4 gxf4 53.h4 f3 54.Rf7 Ke3 55.Re7+ Kf4 56.Rf7+ Kg3 57.Rg7+ Kxh4
58.Rh7+ Kg3 59.Rg7+ Kf4 60.Rf7+ Ke3 61.Re7+ Kd3 62.Rf7 Ke2 63.Re7+ Kf1 64.Kb4 f2
65.a4 Re1 66.Rf7 Ke2 67.a5 f1=Q 68.Rxf1 Rxf1 69.Kb5 Kd3 70.a6 Rf7 71.Kb6 Kc4
72.a7 Rf6+ 73.Kb7 Rf7+ 74.Ka6 Rf8 75.Kb7 Kb5 76.a8=Q Rf7+ 77.Kc8 Rf8+  1/2-1/2

[Event "6th Geller Memorial Open A"]
[Site "Odessa UKR"]
[Date "2010.08.26"]
[Round "6"]
[White "Daryev,S"]
[Black "Usoltseva,P"]
[Result "0-1"]
[WhiteElo "2028"]
[BlackElo "1822"]

1.c4 e6 2.Nf3 d5 3.e3 Nf6 4.Nc3 c5 5.cxd5 exd5 6.d4 c4 7.Be2 Bb4 8.O-O O-O
9.Bd2 Nc6 10.a3 Bxc3 11.Bxc3 Ne4 12.Be1 Bg4 13.h3 Bh5 14.g4 Bg6 15.Kg2 f5
16.Nh2 f4 17.f3 Nd6 18.Bd2 fxe3 19.Bxe3 Qe7 20.Bf2 Rae8 21.Re1 Qf6 22.Bg3 Nb5
23.Be5 Nxe5 24.dxe5 Rxe5 25.a4 Nd4 26.Kg1 Nc2 27.Qd2 Nxa1 28.Rxa1 Rfe8 29.Bf1 Qb6+
30.Kh1 Kh8 31.a5 Qc5 32.Rc1 Re3 33.b4 c3 34.bxc5 cxd2 35.Rd1 Rc3 36.Rxd2 Rxc5
37.a6 bxa6 38.Bxa6 Rc1+ 39.Nf1 Ree1 40.Rxd5 Rxf1+ 41.Bxf1 Rxf1+ 42.Kg2 Re1
43.Kf2 Re8 44.Ra5 Re7 45.h4 h6 46.f4 Bd3 47.h5 a6 48.Rd5 Re2+ 49.Kg3 Bb5
50.g5 hxg5 51.fxg5 Kh7 52.Rc5 Re3+ 53.Kg4 Be2+ 54.Kf4 Rb3 55.h6 Rf3+ 56.Ke4 gxh6
57.gxh6 Kxh6 58.Rc6+ Kg5 59.Rc5+ Kg4 60.Rd5 Ra3 61.Rd2 Bf3+ 62.Kd4 a5 63.Kc4 a4
64.Kb4 Ra1 65.Rd3 Bd1 66.Ra3 Rb1+ 67.Kc5 Bb3 68.Kd4 Kf4 69.Kd3 Kf3 70.Kd2 Ke4
71.Kc3 Kd5 72.Kd3 Kc5 73.Kc3 Kb5  0-1

[Event "9th Georgiev-Kesarovski Mem"]
[Site "Sunny Beach BUL"]
[Date "2010.08.30"]
[Round "3"]
[White "Ermenkov,Evgenij"]
[Black "Zwardon,V"]
[Result "1/2-1/2"]
[WhiteElo "2431"]
[BlackElo "2247"]

1.c4 e6 2.Nf3 d5 3.g3 Nf6 4.Bg2 Nc6 5.O-O Be7 6.d4 O-O 7.b3 Ne4 8.Bb2 f5
9.e3 a5 10.a3 h5 11.Nbd2 h4 12.Nxe4 fxe4 13.Nxh4 Bxh4 14.gxh4 Qxh4 15.f3 Rf6
16.Qe1 Qxe1 17.Raxe1 exf3 18.Bxf3 Ne7 19.e4 dxc4 20.bxc4 Bd7 21.d5 Rh6 22.Kh1 exd5
23.cxd5 Rf8 24.Be2 Rxf1+ 25.Bxf1 c6 26.Bc4 Kh7 27.Rg1 Rg6 28.d6 Rxg1+ 29.Kxg1 Ng6
30.e5 Nf4 31.Bc1 b5 32.Bxf4 bxc4 33.Bd2 a4 34.Kf2 Kg6 35.Ke3 c5 36.Ke4 Bc6+
37.Kf4 Kf7 38.Be3 Ke6 39.h4 Kd5 40.Bd2 Ke6 41.Ba5 Bd7 42.Bc3 Be8 43.Kg5 Bf7
44.Kf4 Be8 45.Bb2 Bc6 46.Ba1 Bd7 47.Bc3  1/2-1/2

[Event "17th Open A"]
[Site "Graz AUT"]
[Date "2010.09.02"]
[Round "6"]
[White "Wegerer,F"]
[Black "Titan,M"]
[Result "1/2-1/2"]
[WhiteElo "2207"]
[BlackElo "2117"]

1.c4 e6 2.Nf3 d5 3.e3 c6 4.b3 Nf6 5.Bb2 Nbd7 6.Qc2 Bd6 7.d4 O-O 8.Bd3 Re8
9.Nbd2 Nf8 10.O-O b6 11.e4 Be7 12.e5 N6d7 13.cxd5 cxd5 14.Rfc1 a5 15.a4 Ba6
16.Bb5 Bxb5 17.axb5 Qb8 18.Qd3 Qb7 19.Rc6 Rac8 20.Rac1 Nb8 21.R6c2 Qd7 22.Nb1 Rxc2
23.Rxc2 Rc8 24.Nc3 Qb7 25.h4 Rc7 26.Na4 Nbd7 27.Bc1 Qc8 28.Rxc7 Qxc7 29.Bd2 Qc8
30.g3 Qc7 31.Kg2 Ba3 32.h5 Bc1 33.h6 gxh6 34.Nh2 h5 35.Nc3 Bxd2 36.Qxd2 Ng6
37.Ne2 Ndf8 38.g4 hxg4 39.Nxg4 Nd7 40.Ng3 Qd8 41.Nh6+ Kf8 42.Qc1 Nh4+ 43.Kf1 Ng6
44.Nh5 Qe8 45.Ng4 Qe7 46.Ngf6 Nxf6 47.Nxf6 Kg7 48.Nh5+ Kf8 49.Qh6+ Ke8 50.Nf6+ Kd8
51.Qc1 Qc7 52.Qxc7+ Kxc7 53.Nxh7 Kd7 54.Nf6+ Ke7 55.Ke2 Nh4 56.Ng8+ Kd8 57.Nh6 Ke7
58.Ke3 Ng2+ 59.Kd2 Nf4 60.f3 Ng2 61.Ke2 Nf4+ 62.Ke3 Ng2+ 63.Kd2 Nf4 64.Ng8+ Kd8
65.Nf6 Ng2 66.Nh5 Nh4 67.Ke3 Nf5+ 68.Kd3 Ke7 69.Nf6 Nh4 70.f4 Nf5 71.Ng4 Ng3
72.Ne3 Kf8 73.Nd1 Ke7 74.Nc3 Kd7 75.Na4 Kc7 76.Nb2 Kd7 77.Nd1 Ke7 78.Nf2 Nf5
79.Ng4 Nh4 80.Ne3 Nf5 81.Nc2 Ng3 82.Ne3 Nf5 83.Nxf5+ exf5 84.Ke3 Kf8 85.Kf3 Kg7
86.Kg3 Kg6 87.Kh4 Kh6 88.Kg3 Kh5 89.Kh3 Kg6 90.Kh4  1/2-1/2

[Event "7th LGA Premium Cup"]
[Site "Nuremberg GER"]
[Date "2010.09.02"]
[Round "1"]
[White "Melzner,L"]
[Black "Forster,St"]
[Result "1-0"]
[WhiteElo "2159"]
[BlackElo "1521"]

1.c4 e6 2.Nf3 d5 3.g3 c6 4.Bg2 f5 5.O-O Nf6 6.d3 Be7 7.b3 O-O 8.Bb2 h6 9.Nbd2 Nbd7
10.Qc2 Qe8 11.e4 fxe4 12.dxe4 Nb6 13.exd5 exd5 14.Rfe1 Qd8 15.Nh4 dxc4 16.Ng6 Rf7
17.Nxe7+ Rxe7 18.Bxf6 gxf6 19.Qg6+ Rg7 20.Re8+  1-0

[Event "7th LGA Premium Cup"]
[Site "Nuremberg GER"]
[Date "2010.09.02"]
[Round "1"]
[White "Kahlert,T"]
[Black "Strobl,Helmut"]
[Result "1-0"]
[WhiteElo "2221"]
[BlackElo "1789"]

1.c4 e6 2.Nf3 d5 3.d4 Nf6 4.Nc3 b6 5.Bg5 Be7 6.e3 O-O 7.Rc1 Ba6 8.Qa4 Bb7
9.cxd5 Nxd5 10.Bxe7 Qxe7 11.Be2 c5 12.Nxd5 Bxd5 13.dxc5 bxc5 14.O-O Nd7 15.Rfd1 Rfb8
16.Rd2 Rb4 17.Qa5 Rg4 18.Ne1 Rg6 19.Qc7 Qg5 20.f4 Qxg2+ 21.Nxg2 Rxg2+ 22.Kf1 Rxh2
23.Rxd5  1-0